Personnage Historique #11 - Statistiques

Statistiques générales
  • Ce quiz a été pris 85 fois
  • Le résultat moyen est 5 sur 16
Statistiques - réponses
Par images Réponse % Correct
Pablo Picasso
92%
Napoléon III
73%
George Washington
68%
Christophe Colomb
64%
Kim Il-sung
63%
Néron
36%
Simón Bolívar
27%
Baruch Spinoza
23%
Tchang Kaï-chek
19%
Spartacus
14%
Gueorgui Joukov
10%
Hernán Cortés
10%
Donatello
7%
César Borgia
5%
John Pierpont Morgan
5%
Joseph Haydn
4%
Aucun quiz correspondant
Distribution des résultats
% des personnes avec chaque résultat
Percentile par nombre de réponses
Votre historique - résultats
Vous n’avez pas pris ce quiz